Statistics for Countries With The Most Negative Opinion On Russia

Click here to take the quiz!

General Stats

  • This quiz has been taken 56 times
  • The average score is 25 of 30

Answer Stats

%Country% Correct
71United Kingdom
100%
54United States
100%
51Germany
98%
55Canada
96%
89Poland
96%
62Sweden
96%
87Ukraine
96%
75Finland
94%
70Norway
94%
69Japan
91%
83Lithuania
91%
77Latvia
89%
55South Korea
89%
80Estonia
87%
65Spain
87%
63Denmark
85%
68Slovakia
85%
50Ireland
83%
68Portugal
83%
48Romania
83%
57Australia
81%
74Czech Republic
79%
49Italy
79%
52Slovenia
79%
45Bulgaria
74%
60Croatia
74%
79Georgia
70%
48Brazil
57%
45Argentina
53%
50Uruguay
26%

Score Distribution

Percentile by Number Answered

Percent of People with Each Score

Your Score History

You have not taken this quiz